[Event "CN Seniori 2012"]
[Site "Sarata Monteoru/Romania"]
[Date "2012.02.13"]
[Round "1.1"]
[White "Pisu, Robert-Daniel"]
[Black "Parligras, Mircea-Emilian"]
[Result "0-1"]
[WhiteElo "2037"]
[BlackElo "2650"]
[PlyCount "108"]
[EventDate "2012.??.??"]
[TimeControl "40/5400+30:900+30"]

1. d4 Nf6 2. Nf3 e6 3. c4 b6 4. g3 Ba6 5. b3 Bb4+ 6. Bd2 Be7 7. Nc3 O-O 8. Bg2
c6 9. O-O d5 10. cxd5 cxd5 11. Ne5 Nfd7 12. Nxd7 Qxd7 13. Re1 Nc6 14. e4 dxe4
15. Bxe4 Bf6 16. Qh5 h6 17. Bxh6 Rfc8 18. Be3 g6 19. Qf3 Bg7 20. Rac1 f5 21.
Bxc6 Rxc6 22. Bf4 Rac8 23. Be5 Bxe5 24. dxe5 Qd4 25. Qe3 Qxe3 26. Rxe3 Rd8 27.
Kg2 Rd2 28. Rd1 Rxd1 29. Nxd1 Rc1 30. Nc3 g5 31. Ne2 Bb7+ 32. f3 Rc2 33. Kf1
Rxa2 34. Nd4 Kf7 35. Rc3 Bd5 36. Rc7+ Kg6 37. Re7 f4 38. g4 Rxh2 39. Nxe6 Rh8
40. Nd4 Rh7 41. Rxh7 Kxh7 42. Ke2 a5 43. Kd3 b5 44. Kc3 b4+ 45. Kd3 Kg6 46. Ke2
Kf7 47. Kd3 Ke7 48. Kd2 Kd7 49. Kd3 Kc7 50. Kd2 Kb6 51. Kc2 Kc5 52. Kd3 a4 53.
bxa4 b3 54. Nf5 Kb4 0-1

[Event "CN Seniori 2012"]
[Site "Sarata Monteoru/Romania"]
[Date "2012.02.13"]
[Round "1.2"]
[White "Lupulescu, Constantin"]
[Black "Anuta, Elefterie-Laurentiu"]
[Result "1-0"]
[WhiteElo "2648"]
[BlackElo "2017"]
[PlyCount "97"]
[EventDate "2012.??.??"]
[TimeControl "40/5400+30:900+30"]

1. e4 d6 2. d4 Nf6 3. f3 c6 4. c4 e5 5. Ne2 Be7 6. Nbc3 Be6 7. d5 cxd5 8. cxd5
Bd7 9. Be3 O-O 10. Qb3 b6 11. Ng3 h5 12. Bd3 h4 13. Nge2 Nh5 14. g3 Bc8 15.
O-O-O Nd7 16. f4 Nhf6 17. Bb5 Ng4 18. Bg1 Nc5 19. Qc2 h3 20. Bc6 Rb8 21. Nb5 a6
22. Na7 Qc7 23. Nxc8 Rbxc8 24. Nc3 Rb8 25. Na4 Bf6 26. Kb1 Bd8 27. Rc1 Qe7 28.
Qe2 Nf6 29. Nxc5 bxc5 30. Rc4 a5 31. Bf2 Bc7 32. Be1 Rfd8 33. Bc3 Nd7 34. Bxd7
Rxd7 35. Qg4 f6 36. Qxh3 Rdd8 37. Qe6+ Kf8 38. Rf1 Qxe6 39. dxe6 Ke7 40. f5 Rh8
41. h4 Rbg8 42. Be1 g5 43. Rh1 g4 44. Bc3 Ra8 45. Ra4 Rab8 46. Kc2 Rb5 47. Kd3
Rhb8 48. h5 Kf8 49. Rh4 1-0

[Event "CN Seniori 2012"]
[Site "Sarata Monteoru/Romania"]
[Date "2012.02.13"]
[Round "1.3"]
[White "Jugaru, Lucian"]
[Black "Vajda, Levente"]
[Result "0-1"]
[WhiteElo "2013"]
[BlackElo "2594"]
[PlyCount "56"]
[EventDate "2012.??.??"]
[TimeControl "40/5400+30:900+30"]

1. Nf3 Nf6 2. g3 c5 3. Bg2 Nc6 4. d3 d5 5. O-O e5 6. e4 Be7 7. Nc3 Be6 8. Ng5
Bg4 9. f3 Bh5 10. g4 Bg6 11. exd5 Nxd5 12. Nh3 Nxc3 13. bxc3 h5 14. Nf2 c4 15.
Qe2 O-O 16. dxc4 Qa5 17. gxh5 Bxh5 18. Bd2 Rad8 19. Rfb1 Rd7 20. Rb5 Qd8 21.
Be3 f5 22. Nd3 Bd6 23. Bc5 e4 24. Ne1 Bxc5+ 25. Rxc5 Qb6 26. Qf2 e3 27. Qxe3
Re8 28. Qf2 Qb2 0-1

[Event "CN Seniori 2012"]
[Site "Sarata Monteoru/Romania"]
[Date "2012.02.13"]
[Round "1.4"]
[White "Szabo, Gergely-Andras-Gyul"]
[Black "Adoamnei, Roxana"]
[Result "1-0"]
[WhiteElo "2554"]
[BlackElo "2005"]
[PlyCount "75"]
[EventDate "2012.??.??"]
[TimeControl "40/5400+30:900+30"]

1. e4 c6 2. d4 g6 3. Nc3 Bg7 4. Bc4 b5 5. Bb3 b4 6. Nce2 d5 7. exd5 cxd5 8. a3
bxa3 9. Rxa3 e6 10. Nf3 Nd7 11. O-O Ne7 12. Bf4 Nb6 13. Nc3 Bd7 14. Qa1 Nf5 15.
Rd1 O-O 16. Rxa7 Rc8 17. Ne5 g5 18. Bg3 Bxe5 19. Bxe5 f6 20. Bg3 h5 21. Qa6 Rc6
22. Bc7 Rxc7 23. Qxb6 Rxa7 24. Qxa7 Rf7 25. Qc5 Kg7 26. Ne2 Qa8 27. Ng3 Nxg3
28. hxg3 Qa6 29. Re1 Bb5 30. c3 Rd7 31. Bd1 g4 32. Bc2 f5 33. b3 Kf7 34. c4
dxc4 35. Bxf5 exf5 36. Qxf5+ Qf6 37. Qxb5 Rxd4 38. Qe8+ 1-0

[Event "CN Seniori 2012"]
[Site "Sarata Monteoru/Romania"]
[Date "2012.02.13"]
[Round "1.5"]
[White "Gheorghiu, Calin"]
[Black "Manolache, Marius"]
[Result "0-1"]
[WhiteElo "2003"]
[BlackElo "2552"]
[PlyCount "90"]
[EventDate "2012.??.??"]
[TimeControl "40/5400+30:900+30"]

1. e4 g6 2. d4 Bg7 3. Nc3 d6 4. Be3 a6 5. Qd2 b5 6. a4 b4 7. Nd1 a5 8. Bc4 Nf6
9. f3 d5 10. Bb5+ c6 11. Bd3 dxe4 12. fxe4 Ng4 13. Nf3 O-O 14. O-O Nxe3 15.
Qxe3 Nd7 16. c4 bxc3 17. bxc3 c5 18. Ra2 Qc7 19. Raf2 Nf6 20. Ne5 Be6 21. Nb2
Rad8 22. Nbc4 cxd4 23. cxd4 Ng4 24. Nxg4 Bxd4 25. Qe1 Bxg4 26. Ne3 Be6 27. Kh1
Qe5 28. Rf3 Bc3 29. Qe2 Bb4 30. Nc4 Qh5 31. Qb2 Rxd3 32. Rxd3 Bxc4 33. Rh3 Qxh3
34. gxh3 Bxf1 35. h4 Rd8 36. h5 Rd1 37. Qc2 Be2+ 38. Kg2 Bxh5 39. Qc8+ Kg7 40.
Qc4 Rd2+ 41. Kg1 Bf3 42. Qc7 Rg2+ 43. Kf1 Rg4 44. Qe5+ f6 45. Qe6 Bc5 0-1

[Event "CN Seniori 2012"]
[Site "Sarata Monteoru/Romania"]
[Date "2012.02.13"]
[Round "1.6"]
[White "Nevednichy, Vladislav"]
[Black "Acsinte, Matei-Ionut"]
[Result "1-0"]
[WhiteElo "2546"]
[BlackElo "1997"]
[PlyCount "45"]
[EventDate "2012.??.??"]
[TimeControl "40/5400+30:900+30"]

1. c4 e5 2. Nc3 g6 3. g3 Bg7 4. Bg2 Ne7 5. b4 c6 6. b5 O-O 7. Rb1 d6 8. d3 f5
9. Ba3 e4 10. Qd2 exd3 11. exd3 f4 12. Nf3 fxg3 13. hxg3 Bg4 14. Nh2 Be6 15.
O-O Nf5 16. bxc6 Nxc6 17. Rxb7 Qa5 18. Bb2 Bh6 19. Qe1 Ne5 20. Rb5 Qc7 21. Ng4
Rab8 22. Nd5 Qd7 23. Ndf6+ 1-0

[Event "CN Seniori 2012"]
[Site "Sarata Monteoru/Romania"]
[Date "2012.02.13"]
[Round "1.7"]
[White "Ursan, Cornel-Marius"]
[Black "Miron, Lucian-Costin"]
[Result "0-1"]
[WhiteElo "1990"]
[BlackElo "2525"]
[PlyCount "82"]
[EventDate "2012.??.??"]
[TimeControl "40/5400+30:900+30"]

1. d4 d5 2. c4 e6 3. Nf3 Nf6 4. g3 Be7 5. Bg2 O-O 6. O-O Ne4 7. Nbd2 Nxd2 8.
Bxd2 Bd7 9. Qc2 c6 10. Ne5 f6 11. Nxd7 Nxd7 12. e4 dxc4 13. Qxc4 Kh8 14. Qxe6
f5 15. exf5 Bf6 16. Bc3 Nb6 17. Rfe1 Na4 18. Qb3 Nxc3 19. bxc3 Qb6 20. Re6 Qxb3
21. axb3 a6 22. b4 Kg8 23. f4 Rfe8 24. g4 h6 25. Be4 Kf7 26. Bc2 Rxe6 27. Bb3
Ke7 28. fxe6 Kd6 29. Kf2 g5 30. f5 b6 31. Ke3 a5 32. c4 Kc7 33. bxa5 bxa5 34.
c5 Rb8 35. Bc4 Rd8 36. Rxa5 Kb8 37. d5 cxd5 38. Bb5 d4+ 39. Kd3 h5 40. Bd7 hxg4
41. c6 Rh8 0-1

[Event "CN Seniori 2012"]
[Site "Sarata Monteoru/Romania"]
[Date "2012.02.13"]
[Round "1.8"]
[White "Jianu, Vlad-Cristian"]
[Black "Mongescu, Lucian"]
[Result "1-0"]
[WhiteElo "2508"]
[BlackElo "1984"]
[PlyCount "45"]
[EventDate "2012.??.??"]
[TimeControl "40/5400+30:900+30"]

1. d4 d5 2. c4 e6 3. Nc3 Nf6 4. Bg5 Be7 5. e3 Nbd7 6. Nf3 c6 7. cxd5 exd5 8.
Qc2 O-O 9. Bd3 Re8 10. O-O h6 11. Bh4 a6 12. Rab1 Qc7 13. b4 Bd6 14. Rfc1 Ng4
15. Bg3 Bxg3 16. hxg3 Ndf6 17. a4 Nxf2 18. Qxf2 Ng4 19. Qd2 Qxg3 20. Re1 Nf6
21. e4 Bd7 22. e5 Ng4 23. Rf1 1-0

[Event "CN Seniori 2012"]
[Site "Sarata Monteoru/Romania"]
[Date "2012.02.13"]
[Round "1.9"]
[White "Lupascu, Matei-Alexandru"]
[Black "Filip, Lucian"]
[Result "0-1"]
[WhiteElo "1979"]
[BlackElo "2490"]
[PlyCount "56"]
[EventDate "2012.??.??"]
[TimeControl "40/5400+30:900+30"]

1. d4 Nf6 2. c4 c5 3. d5 e6 4. Nc3 exd5 5. cxd5 d6 6. e4 g6 7. f4 Bg7 8. Bb5+
Nfd7 9. a4 O-O 10. Nf3 Na6 11. O-O Nc7 12. Bc4 Nb6 13. Ba2 Bg4 14. h3 Bxf3 15.
Rxf3 Na6 16. a5 Nd7 17. Bc4 Re8 18. Qe2 Nb4 19. a6 bxa6 20. Bxa6 Nxa6 21. Rxa6
Nb6 22. Qc2 Qe7 23. Na4 Nxd5 24. exd5 Qe1+ 25. Kh2 Re2 26. Re3 Rxe3 27. Bxe3
Qxe3 28. Qc4 Bh6 0-1

[Event "CN Seniori 2012"]
[Site "Sarata Monteoru/Romania"]
[Date "2012.02.13"]
[Round "1.10"]
[White "Berescu, Alin-Mile"]
[Black "David, Alexandru-Vasile"]
[Result "1-0"]
[WhiteElo "2488"]
[BlackElo "1968"]
[PlyCount "83"]
[EventDate "2012.??.??"]
[TimeControl "40/5400+30:900+30"]

1. c4 g6 2. g3 Bg7 3. Bg2 Nf6 4. Nc3 O-O 5. e4 d6 6. Nge2 c5 7. O-O Nc6 8. d3
Rb8 9. h3 a6 10. a4 Ne8 11. Be3 Nc7 12. d4 cxd4 13. Nxd4 Nxd4 14. Bxd4 Bxd4 15.
Qxd4 e5 16. Qe3 Ne6 17. f4 Nd4 18. f5 gxf5 19. Nd5 Be6 20. exf5 Nxf5 21. Rxf5
Bxf5 22. Rf1 Bg6 23. Nf6+ Kg7 24. h4 h5 25. Qg5 Rh8 26. Bd5 Qc7 27. Ne4 Rbf8
28. Qf6+ Kh6 29. Nxd6 Rhg8 30. Nxf7+ Rxf7 31. Bxf7 Rg7 32. Bxg6 Rxg6 33. Qh8+
Qh7 34. Qxe5 Qg7 35. Qxg7+ Kxg7 36. Rf3 a5 37. Kf2 Rb6 38. b3 Kg6 39. Ke2 Rd6
40. Ke3 Rd7 41. Ke4 Rd8 42. Ke5 1-0

[Event "CN Seniori 2012"]
[Site "Sarata Monteoru/Romania"]
[Date "2012.02.13"]
[Round "1.11"]
[White "Toma, Mihail"]
[Black "Dumitrache, Dragos-Nicolae"]
[Result "0-1"]
[WhiteElo "1964"]
[BlackElo "2460"]
[PlyCount "34"]
[EventDate "2012.??.??"]
[TimeControl "40/5400+30:900+30"]

1. d4 Nf6 2. Nf3 d6 3. Bg5 Nbd7 4. e3 e5 5. dxe5 dxe5 6. Nbd2 Be7 7. Nb3 O-O 8.
Be2 a5 9. a4 c6 10. O-O Qc7 11. c3 Re8 12. Qc2 Nf8 13. Rfd1 Be6 14. Bxf6 Bxf6
15. Nc5 Bg4 16. h3 Bh5 17. Qb3 e4 0-1

[Event "CN Seniori 2012"]
[Site "Sarata Monteoru/Romania"]
[Date "2012.02.13"]
[Round "1.12"]
[White "Cioara, Andrei-Nestor"]
[Black "Fugulyan, Grigore"]
[Result "1-0"]
[WhiteElo "2456"]
[BlackElo "1958"]
[PlyCount "93"]
[EventDate "2012.??.??"]
[TimeControl "40/5400+30:900+30"]

1. d4 d5 2. c4 e6 3. Nf3 Nf6 4. g3 Be7 5. Bg2 O-O 6. O-O Ne4 7. Nbd2 Nxd2 8.
Bxd2 Bd7 9. Qc2 c6 10. Ne5 f6 11. Nxd7 Nxd7 12. e4 dxc4 13. Qxc4 Kh8 14. Qxe6
f5 15. exf5 Bf6 16. Bc3 Nb6 17. Rfe1 Na4 18. Qb3 Nxc3 19. bxc3 Qb6 20. Re6 Qxb3
21. axb3 a6 22. b4 Kg8 23. f4 Rfe8 24. g4 h6 25. Be4 Kf7 26. Bc2 Rxe6 27. Bb3
Ke7 28. fxe6 Kd6 29. Kf2 g5 30. f5 b6 31. Ke3 a5 32. c4 Kc7 33. bxa5 bxa5 34.
c5 Rb8 35. Bc4 Rd8 36. Rxa5 Kb8 37. d5 cxd5 38. Bb5 d4+ 39. Kd3 h5 40. Bd7 hxg4
41. c6 Rh8 42. Rb5+ Kc7 43. Rb7+ Kd6 44. c7 Rh3+ 45. Ke2 d3+ 46. Kd2 Be5 47.
c8=Q 1-0

[Event "CN Seniori 2012"]
[Site "Sarata Monteoru/Romania"]
[Date "2012.02.13"]
[Round "1.13"]
[White "Fulger, Ionut"]
[Black "Danilov, Vladimir"]
[Result "0-1"]
[WhiteElo "1946"]
[BlackElo "2440"]
[PlyCount "64"]
[EventDate "2012.??.??"]
[TimeControl "40/5400+30:900+30"]

1. d4 d5 2. Nf3 c6 3. e3 Bf5 4. c4 e6 5. Qb3 Qb6 6. Qxb6 axb6 7. Nc3 h6 8. Bd2
Nf6 9. Be2 Nbd7 10. O-O Bd6 11. a3 O-O 12. Rfe1 Ra7 13. Nh4 Bh7 14. f4 Rfa8 15.
Rac1 Ne4 16. Nxe4 Bxe4 17. Rf1 g5 18. Nf3 f6 19. Ne1 Kf7 20. fxg5 hxg5 21. Bd3
Rh8 22. Bxe4 dxe4 23. g3 Raa8 24. Nc2 Rh3 25. Kg2 Rah8 26. Rh1 f5 27. Rcf1 Nf6
28. d5 cxd5 29. cxd5 Nxd5 30. Nd4 Be5 31. Re1 Nf6 32. Bc3 Ng4 0-1

[Event "CN Seniori 2012"]
[Site "Sarata Monteoru/Romania"]
[Date "2012.02.13"]
[Round "1.14"]
[White "Manea, Alexandru"]
[Black "Badelita, Beniamin"]
[Result "1-0"]
[WhiteElo "2429"]
[BlackElo "1945"]
[PlyCount "53"]
[EventDate "2012.??.??"]
[TimeControl "40/5400+30:900+30"]

1. Nf3 c5 2. c4 e6 3. Nc3 Nf6 4. g3 b6 5. Bg2 Bb7 6. O-O Be7 7. d4 cxd4 8. Qxd4
Nc6 9. Qf4 a6 10. Rd1 O-O 11. Be3 Nh5 12. Qg4 Nf6 13. Qf4 Nh5 14. Qe4 Qc7 15.
Rac1 d6 16. Nd5 exd5 17. cxd5 Nf6 18. Qb1 Nxd5 19. Rxd5 Qb8 20. Bxb6 Ne5 21.
Bc7 Qa7 22. Nxe5 Bxd5 23. Bxd5 Rac8 24. Nxf7 g6 25. Nxd6+ Kg7 26. Nxc8 Qxf2+
27. Kh1 1-0

[Event "CN Seniori 2012"]
[Site "Sarata Monteoru/Romania"]
[Date "2012.02.13"]
[Round "1.15"]
[White "Costachi, Mihnea"]
[Black "Baratosi, Daniel"]
[Result "1/2-1/2"]
[WhiteElo "1937"]
[BlackElo "2418"]
[PlyCount "71"]
[EventDate "2012.??.??"]
[TimeControl "40/5400+30:900+30"]

1. d4 d6 2. e4 Nf6 3. Bd3 g6 4. Ne2 Bg7 5. O-O O-O 6. h3 c5 7. c3 cxd4 8. cxd4
Nc6 9. Be3 e5 10. Nbc3 Ng4 11. hxg4 exd4 12. Nxd4 Nxd4 13. g5 Be6 14. f4 Qa5
15. Kh1 Bd7 16. f5 Be5 17. Qg4 Nc6 18. Qh4 Bxc3 19. bxc3 Qxc3 20. f6 h5 21. Be2
Qxe3 22. Bxh5 gxh5 23. Rae1 Qxe1 24. Qxe1 Bg4 25. Qd2 Kh7 26. g6+ Kxg6 27. e5
Nxe5 28. Qxd6 Rfe8 29. Qc7 Rad8 30. Qxb7 Rd7 31. Qe4+ Kh6 32. Qe3+ Kg6 33. Qe4+
Kh6 34. Qe3+ Kh7 35. Qe4+ Kh6 36. Qe3+ 1/2-1/2

[Event "CN Seniori 2012"]
[Site "Sarata Monteoru/Romania"]
[Date "2012.02.13"]
[Round "1.16"]
[White "Georgescu, Tiberiu-Marian"]
[Black "Arghirescu, Marius"]
[Result "1-0"]
[WhiteElo "2415"]
[BlackElo "1921"]
[PlyCount "133"]
[EventDate "2012.??.??"]
[TimeControl "40/5400+30:900+30"]

1. Nf3 d6 2. d4 Nf6 3. c4 g6 4. Nc3 Bg7 5. e4 Nc6 6. d5 Ne5 7. Nxe5 dxe5 8. Be2
O-O 9. Be3 e6 10. O-O exd5 11. exd5 Bd7 12. c5 c6 13. Bg5 h6 14. Bxf6 Bxf6 15.
Bc4 Qa5 16. Ne4 Bg7 17. a3 cxd5 18. Bxd5 Qc7 19. Qb3 Bc6 20. Rad1 Rad8 21. Nd6
Rd7 22. Rd2 b6 23. cxb6 Qxd6 24. Bxf7+ Rfxf7 25. Rxd6 Rxd6 26. bxa7 Rdd7 27.
Rc1 Bxg2 28. Kxg2 Rxa7 29. Rc6 Kh7 30. Qd3 Rf5 31. h4 h5 32. b4 e4 33. Qg3 Bf6
34. b5 Rg7 35. Rc7 Rxb5 36. Qf4 Rxc7 37. Qxc7+ Bg7 38. a4 Rb2 39. Qe7 Re2 40.
Kf1 Rd2 41. Qxe4 Rd4 42. Qc6 Rxh4 43. a5 Bd4 44. a6 Kh6 45. Qc1+ g5 46. Qc6+
Kg7 47. Qd7+ Kg6 48. Qe8+ Kf6 49. Qf8+ Kg6 50. Qd6+ Kg7 51. Qc7+ Kg6 52. Qc6+
Kg7 53. Qb7+ Kg6 54. a7 Bxa7 55. Qxa7 Rf4 56. Qb6+ Kg7 57. Qc7+ Kg6 58. Qd6+
Kg7 59. Ke2 h4 60. Qe7+ Kg6 61. Qe8+ Kh6 62. Qh8+ Kg6 63. Ke3 Kf5 64. Qh7+ Kf6
65. Qh6+ Kf5 66. f3 Ra4 67. Qf8+ 1-0

[Event "CN Seniori 2012"]
[Site "Sarata Monteoru/Romania"]
[Date "2012.02.13"]
[Round "1.17"]
[White "Neagu, Mihai-Cosmin"]
[Black "Anton, Teodor"]
[Result "0-1"]
[WhiteElo "1918"]
[BlackElo "2393"]
[PlyCount "54"]
[EventDate "2012.??.??"]
[TimeControl "40/5400+30:900+30"]

1. c4 e5 2. Nc3 d6 3. g3 g6 4. Bg2 Bg7 5. e4 c6 6. Nge2 Be6 7. d3 a6 8. a4 Ne7
9. Be3 O-O 10. O-O a5 11. Qd2 Na6 12. Bh6 Nc5 13. Bxg7 Kxg7 14. Rad1 Qb6 15. d4
Nb3 16. Qd3 Qb4 17. c5 Bc4 18. Qc2 Nxd4 19. Nxd4 Bxf1 20. Nf5+ Nxf5 21. exf5
Bxg2 22. f6+ Kxf6 23. Rxd6+ Kg7 24. Kxg2 Qxc5 25. Qd2 Qb4 26. Rd7 Rae8 27. Qg5
h6 0-1

[Event "CN Seniori 2012"]
[Site "Sarata Monteoru/Romania"]
[Date "2012.02.13"]
[Round "1.18"]
[White "Petrisor, Adrian-Marian"]
[Black "Stoicescu, Horia"]
[Result "1-0"]
[WhiteElo "2385"]
[BlackElo "1909"]
[PlyCount "87"]
[EventDate "2012.??.??"]
[TimeControl "40/5400+30:900+30"]

1. d4 c6 2. c4 b5 3. cxb5 cxb5 4. Nf3 Nf6 5. e3 a6 6. Bd3 Bb7 7. O-O e6 8. Nbd2
d5 9. a4 bxa4 10. Qxa4+ Qd7 11. Qd1 Bd6 12. Ne5 Qc7 13. f4 O-O 14. Rf3 Nc6 15.
Rh3 g6 16. Nxc6 Bxc6 17. Nf3 Bb5 18. Bb1 Qc4 19. Ne5 Bxe5 20. fxe5 Ne4 21. Bxe4
dxe4 22. Bd2 Rac8 23. Qe1 Qe2 24. Qh4 h5 25. Bc3 Qg4 26. Qxg4 hxg4 27. Rg3 Bd3
28. Rxg4 Kh7 29. Bb4 Rfe8 30. Bc5 Kh6 31. b4 Kh5 32. Rf4 Rc7 33. Ra2 g5 34. Rf6
Rg8 35. Raf2 Rg7 36. h3 Rh7 37. g4+ Kh4 38. Kg2 Rb7 39. Rd2 Bc4 40. Rb2 Bb5 41.
Rbf2 Bc4 42. Bf8 a5 43. Rb2 Rb5 44. Rc2 1-0

[Event "CN Seniori 2012"]
[Site "Sarata Monteoru/Romania"]
[Date "2012.02.13"]
[Round "1.19"]
[White "Scripcaru, George-Daniel"]
[Black "Bonte, Andrei-Mihai"]
[Result "0-1"]
[WhiteElo "1907"]
[BlackElo "2380"]
[PlyCount "68"]
[EventDate "2012.??.??"]

1. e4 e5 2. f4 Bc5 3. Nf3 d6 4. Bc4 Nc6 5. Nc3 Bg4 6. Bb5 Nge7 7. Na4 O-O 8. c3
a6 9. Nxc5 axb5 10. Nb3 f5 11. d3 fxe4 12. dxe4 exf4 13. O-O Qe8 14. Nbd4 Nxd4
15. cxd4 Qc6 16. Bd2 Bxf3 17. gxf3 Qc4 18. Be1 c6 19. a3 Qe6 20. Bc3 d5 21. Qb3
Rf6 22. Rae1 Rg6+ 23. Kh1 Qh3 24. Qc2 Rg5 25. Qf2 Ng6 26. Rg1 Rxg1+ 27. Rxg1
Nh4 28. Rf1 Re8 29. e5 Nf5 30. Ra1 Re6 31. Qg2 Qh6 32. Be1 Rg6 33. Qd2 Qh3 34.
Qf2 Ng3+ 0-1

[Event "CN Seniori 2012"]
[Site "Sarata Monteoru/Romania"]
[Date "2012.02.13"]
[Round "1.20"]
[White "Balla, Tamas-Kristof"]
[Black "Rusa, Antonio"]
[Result "1-0"]
[WhiteElo "2377"]
[BlackElo "1902"]
[PlyCount "97"]
[EventDate "2012.??.??"]

1. d4 d5 2. c4 e6 3. Nc3 Nf6 4. Bg5 Be7 5. e3 c6 6. Nf3 Nbd7 7. Bd3 dxc4 8.
Bxc4 b5 9. Bd3 Bb7 10. O-O O-O 11. e4 a6 12. e5 Nd5 13. Bxe7 Qxe7 14. Nxd5 cxd5
15. h4 h6 16. Rc1 Rac8 17. Bc2 Rfd8 18. Qd3 Nf8 19. Bb1 Rc7 20. Rxc7 Qxc7 21.
Nd2 b4 22. Nb3 Qc4 23. Nc5 Rb8 24. Qxc4 dxc4 25. Rc1 c3 26. bxc3 bxc3 27. Bd3
Bd5 28. Nxa6 Rc8 29. Nb4 Ra8 30. Bb1 Ra3 31. Bc2 Ng6 32. Nxd5 exd5 33. Bb3 Nf4
34. Kf1 Ne6 35. Rxc3 Nxd4 36. Rc8+ Kh7 37. Bxd5 Ra7 38. Rc4 Ne6 39. a4 Kg6 40.
Be4+ f5 41. Bd5 Nc7 42. Bg8 Ne8 43. Rc8 Re7 44. f4 Kh5 45. Rxe8 Ra7 46. Bb3
Kxh4 47. e6 Kg3 48. Rd8 Kxf4 49. Rd7 1-0

[Event "CN Seniori 2012"]
[Site "Sarata Monteoru/Romania"]
[Date "2012.02.13"]
[Round "1.21"]
[White "Motounu, Vlad-Stefan"]
[Black "Dobre, Claudiu-Cristian"]
[Result "0-1"]
[WhiteElo "1888"]
[BlackElo "2354"]
[PlyCount "106"]
[EventDate "2012.??.??"]

1. d4 d5 2. Nf3 Nf6 3. c4 c6 4. Nc3 e6 5. Bg5 dxc4 6. e4 b5 7. Be2 Nbd7 8. O-O
h6 9. Bh4 g5 10. Bg3 Bb7 11. Qc2 Be7 12. Rad1 Qb6 13. Ne5 Nxe5 14. Bxe5 O-O-O
15. b3 cxb3 16. axb3 a6 17. d5 Rd7 18. dxe6 Rxd1 19. Rxd1 fxe6 20. Bd6 Bxd6 21.
Rxd6 Rd8 22. Rxe6 Qd4 23. h3 Re8 24. Rxe8+ Nxe8 25. Nd5 Kb8 26. Ne7 c5 27. Bf3
Nd6 28. Nf5 Qa1+ 29. Kh2 Qe5+ 30. Kg1 Bxe4 31. Bxe4 Qxe4 32. Qxc5 Nxf5 33. Qb6+
Qb7 34. Qf6 Qc8 35. Qe5+ Kb7 36. Qd5+ Kb6 37. g3 Ne7 38. Qd4+ Qc5 39. Qd8+ Qc7
40. Qd4+ Kb7 41. Qe4+ Nc6 42. Qe6 Qe7 43. Qd5 h5 44. Qf3 h4 45. g4 Qe1+ 46. Kg2
Qe5 47. Kg1 Kb6 48. Qd3 Nd4 49. Qg6+ Qe6 50. Qd3 Ne2+ 51. Kf1 Nf4 52. Qd8+ Kb7
53. Qxg5 Qe2+ 0-1

[Event "CN Seniori 2012"]
[Site "Sarata Monteoru/Romania"]
[Date "2012.02.13"]
[Round "1.22"]
[White "Miroiu, George-Catalin"]
[Black "Morea, Georgiana-Steluta"]
[Result "1-0"]
[WhiteElo "2342"]
[BlackElo "1882"]
[PlyCount "113"]
[EventDate "2012.??.??"]

1. d4 Nf6 2. c4 g6 3. Nc3 Bg7 4. e4 d6 5. f3 O-O 6. Be3 e5 7. Nge2 Nc6 8. d5
Ne7 9. Qd2 Ne8 10. g4 f5 11. h3 Nf6 12. O-O-O a6 13. Kb1 Bd7 14. Nc1 Rb8 15.
Nd3 b5 16. cxb5 axb5 17. Nb4 Qc8 18. Rg1 Qb7 19. Be2 f4 20. Bf2 Rf7 21. Rc1 Bf8
22. Rgd1 Kh8 23. Rc2 c5 24. dxc6 Nxc6 25. Ncd5 Nxb4 26. Nxb4 Be6 27. g5 Nd7 28.
Nd5 Nc5 29. h4 b4 30. b3 Bxd5 31. Qxd5 Qxd5 32. Rxd5 Re8 33. Bb5 Rb8 34. Bc4
Rc7 35. Rd1 Kg7 36. Bd5 Rd7 37. Rc4 Be7 38. Be1 Na6 39. Rdc1 Rdd8 40. Rc6 Nc5
41. Rc7 Kf8 42. Rc4 Rb5 43. Rxb4 Rxb4 44. Bxb4 Na6 45. Rb7 Rc8 46. Ba3 Nc7 47.
Bc4 Ke8 48. Bb4 Kd7 49. Ba5 Kc6 50. Rxc7+ Rxc7 51. Bd5+ Kd7 52. Bxc7 Kxc7 53.
Bg8 Kc6 54. Bxh7 d5 55. exd5+ Kxd5 56. Bxg6 Kd4 57. Bc2 1-0

[Event "CN Seniori 2012"]
[Site "Sarata Monteoru/Romania"]
[Date "2012.02.13"]
[Round "1.24"]
[White "Doros, Radu-Marian"]
[Black "Vrencian, Lehel"]
[Result "1/2-1/2"]
[WhiteElo "2338"]
[BlackElo "1874"]
[PlyCount "79"]
[EventDate "2012.??.??"]

1. e4 c5 2. Nc3 d6 3. Nf3 Nf6 4. d4 cxd4 5. Nxd4 a6 6. Be2 e6 7. f4 Nc6 8. Be3
Be7 9. O-O O-O 10. Kh1 Bd7 11. Nb3 b5 12. Bf3 Rc8 13. a3 Qc7 14. Rf2 Rfd8 15.
Rd2 Be8 16. Qg1 Nd7 17. Bg4 Rb8 18. Re1 Na5 19. Nxa5 Qxa5 20. Red1 b4 21. axb4
Qxb4 22. Bd4 Bf6 23. Ba7 Rbc8 24. Rxd6 Be7 25. Rxa6 Nf6 26. Bf3 Qxb2 27. Rxd8
Rxd8 28. Bd4 Qxc2 29. e5 Nd7 30. Ra7 Bb4 31. Ne4 Nf8 32. Rb7 Bc6 33. Rxb4 Bxe4
34. Bb6 Bxf3 35. Bxd8 Bxg2+ 36. Qxg2 Qc1+ 37. Qg1 Qc6+ 38. Qg2 Qc1+ 39. Qg1
Qc6+ 40. Qg2 1/2-1/2

[Event "CN Seniori 2012"]
[Site "Sarata Monteoru/Romania"]
[Date "2012.02.13"]
[Round "1.25"]
[White "Moldoveanu, Paul"]
[Black "Posedaru, Bogdan"]
[Result "0-1"]
[WhiteElo "1859"]
[BlackElo "2337"]
[PlyCount "110"]
[EventDate "2012.??.??"]

1. e4 c5 2. Nf3 Nc6 3. d4 cxd4 4. Nxd4 Qb6 5. Nb3 Nf6 6. Nc3 e6 7. Be3 Qc7 8.
g3 a6 9. Bg2 d6 10. O-O Be7 11. Qe2 O-O 12. Rad1 b5 13. a3 Rb8 14. f4 b4 15.
axb4 Nxb4 16. Rd2 Nd7 17. Qf2 Nb6 18. Na5 d5 19. Kh1 dxe4 20. Nxe4 N6d5 21. Nb3
Nxe3 22. Qxe3 Nxc2 23. Qf2 Rxb3 24. Rxc2 Qb8 25. Rb1 Bb7 26. Nd2 Rb5 27. Bxb7
Qxb7+ 28. Qg2 Qxg2+ 29. Kxg2 Rfb8 30. Nc4 Bf6 31. Kf3 Rb3+ 32. Ke2 h5 33. Kd2
h4 34. Ra1 hxg3 35. hxg3 Rxg3 36. Rxa6 Rd8+ 37. Rd6 Rxd6+ 38. Nxd6 Rg2+ 39. Kd3
Rxc2 40. Kxc2 Be7 41. Nc8 Bb4 42. Kd3 Kh7 43. Na7 Bd6 44. Ke4 f5+ 45. Kf3 e5
46. fxe5 Bxe5 47. b4 g5 48. Nc6 g4+ 49. Ke3 f4+ 50. Ke4 f3 51. Ke3 Bc7 52. Kf2
Kg6 53. Ne7+ Kg5 54. Nd5 Bd6 55. Kf1 g3 0-1

[Event "CN Seniori 2012"]
[Site "Sarata Monteoru/Romania"]
[Date "2012.02.13"]
[Round "1.27"]
[White "Tudose, Cristian"]
[Black "Voiteanu, Gabriel"]
[Result "0-1"]
[WhiteElo "1854"]
[BlackElo "2304"]
[PlyCount "68"]
[EventDate "2012.??.??"]

1. e4 d5 2. Nf3 dxe4 3. Ng5 e5 4. Nxe4 f5 5. Nec3 Be6 6. d3 Nf6 7. Bg5 Nc6 8.
Be2 Be7 9. O-O O-O 10. Nd2 h6 11. Bxf6 Bxf6 12. f4 Qd4+ 13. Kh1 exf4 14. Bf3 g5
15. Nb3 Bxb3 16. axb3 Rae8 17. Ra4 Qd6 18. Bxc6 Qxc6 19. Rc4 Qd7 20. Qf3 c6 21.
Nd1 Qe6 22. h4 Qe2 23. hxg5 hxg5 24. Qxe2 Rxe2 25. c3 Kg7 26. Kg1 Rfe8 27. Rf2
Re1+ 28. Rf1 R8e2 29. Ra4 a6 30. Ra1 g4 31. Rxe1 Rxe1+ 32. Kf2 Bh4+ 33. g3
fxg3+ 34. Kg2 f4 0-1

[Event "CN Seniori 2012"]
[Site "Sarata Monteoru/Romania"]
[Date "2012.02.13"]
[Round "1.28"]
[White "Florescu, Codrut-Constantin"]
[Black "Tiron, Lucian-Ilie"]
[Result "1-0"]
[WhiteElo "2282"]
[BlackElo "1846"]
[PlyCount "65"]
[EventDate "2012.??.??"]

1. d4 Nf6 2. c4 e6 3. Nf3 Bb4+ 4. Bd2 Qe7 5. g3 Nc6 6. Bg2 Bxd2+ 7. Nbxd2 d6 8.
O-O O-O 9. Rc1 Re8 10. e4 e5 11. d5 Nb8 12. b4 a5 13. a3 Na6 14. Qb3 c6 15. Ne1
axb4 16. axb4 c5 17. b5 Nb4 18. Nd3 Nxd3 19. Qxd3 Bg4 20. f3 Bh5 21. Ra1 b6 22.
Ra6 Rxa6 23. bxa6 Ra8 24. Ra1 Ne8 25. Qb3 Qa7 26. Qb5 Kf8 27. Qc6 Ke7 28. Bh3
g5 29. Bc8 Rb8 30. Bb7 Nf6 31. g4 Bg6 32. Nb1 h5 33. Nc3 1-0